Languages of the Soviet Union - Statistics

General Stats
  • This quiz has been taken 170 times
    56 since last reset
  • The average score is 69 of 228
Answer Stats
Answer % Correct
Indo-European - Slavic - East Russian
94%
Uralic - Finno-Permic - Balto-Finnic - Southern - North Estonian Standard Estonian
91%
Indo-European - Slavic - East Ukrainian
91%
Turkic - Common - Karluk - Western Uzbek
88%
Indo-European - Armenic East Armenian
84%
Kartvelian - Karto-Zan Georgian
84%
Indo-European - Baltic - Eastern Latvian
84%
Indo-European - Iranian - West Tajik
84%
Indo-European - Armenic West Armenian
84%
Turkic - Common - Kipchak - Kipchak-Nogai Kazakh
81%
Turkic - Common - Kipchak - Kipchak-Kyrgyz Kyrgyz
81%
Indo-European - Baltic - Eastern Lithuanian
81%
Indo-European - Romance - Eastern Moldovan (Moldovan Romanian)
81%
Indo-European - Slavic - West Polish
81%
Turkic - Common - Oghuz - Eastern Turkmen
81%
Indo-European - Slavic - East Belarusian
78%
Turkic - Common - Karluk - Old Chagatai (Ex.)
78%
Turkic - Common - Oghuz - Western Azerbaijani
75%
Uralic - Finno-Permic - Balto-Finnic - Northern - Finnish - Southeastern Karelian Finnish
75%
Koreanic Koryo-Mar (Central Asian Korean)
75%
Uralic - Finno-Permic - Balto-Finnic - Northern - Finnish - Eastern Savo Finnish (Ex. in Russia)
75%
Northwest Caucasian - Aba.-Abk. Abkhaz
72%
Indo-European - Slavic - South Bulgarian
72%
Uralic - Ugric Hungarian
72%
Indo-European - Iranian - West Tat
72%
Northeast Caucasian - Old - Nakh - Vainakh Chechen
69%
Indo-European - Slavic - West Czech
69%
Turkic - Common - Oghuz - Western Meskhetian Turkish
69%
Indo-European - Slavic - West Slovak
69%
Indo-European - Germanic - High - Rhine Franconian - Palatine & Hessian Volga German
69%
Turkic - Common Turkic - Siberian Turkic Chulym
66%
Indo-European - Germanic - Mixed High - Yiddish Eastern Yiddish
66%
Turkic - Common - Kipchak - Kipchak-Bulgar Tatar
66%
Indo-European - Germanic - Mixed High - Yiddish Western Yiddish
66%
Turkic - Common - Kipchak - Kipchak-Cuman Crimean Tatar
63%
Uralic - Finno-Permic - Balto-Finnic - Northern - Old Karelian Karelian
63%
Mongolic - Central Mongolic Mongolian Proper
63%
Indo-European - Germanic - North - Swedish - Estonian Swedish Gammalsvenska (Ukrainian Swedish)
59%
Indo-European - Iranian - East - North - Ossetian Iron Ossetian
59%
Turkic - Common - Karluk - Eastern Uygher
59%
Indo-European - Germanic - North - Swedish Estonian Swedish
56%
Indo-European - Iranian - West Kurmanji (Northern Kurdish)
56%
Turkic - Common - Kipchak - Kipchak-Bulgar Bashkir
53%
Indo-European - Germanic - North - Norwegian Finnmark Norwegian
53%
Indo-European - Slavic - East Rusyn
53%
Northwest Caucasian - Ubykh-Circassian - Circassian Adyghe (West Circassian)
50%
Chukotko-Kamchatkan - Chukotkan (Included in Paleo-Siberian) Chukchi
50%
Turkic - Oghuric Chuvash
50%
Turkic - Common - Kipchak - Kipchak-Nogai Nogai
50%
Uralic - Finno-Permic - Mari - Eastern Eastern Proper Mari
47%
Turkic - Common - Oghuz - Western Gagauz
47%
Uralic - Finno-Permic - Mari - Western Hill Mari
47%
Mongolic - Central Mongolic - Kal.-Oir. Kalmyk
47%
Uralic - Finno-Permic - Mari - Eastern Meadow Mari
47%
Uralic - Finno-Permic - Mari - Western Northwestern Mari
47%
Turkic - Common - Siberian - Southern - Sayan Tuvan
47%
Uralic - Finno-Permic - Permic Udmurt
47%
Mongolic - Central Mongolic Buryat
44%
Northeast Caucasian - New Avar
41%
Uralic - Samoyedic - Ene.-Nen. - Nenets Forrest Nenets
41%
Northeast Caucasian - Old - Nakh - Vainakh Ingush
41%
Turkic - Common - Kipchak - Kipchak-Nogai Karakalpak
41%
Kartvelian - Karto-Zan - Zan Laz
41%
Uralic - Samoyedic - Ene.-Nen. - Nenets Tundra Nenets
41%
Turkic - Common Turkic - Siberian Turkic - Northern Yakut
41%
Northwest Caucasian - Aba.-Abk. Abaza
38%
Language Isolate Ainu
38%
Indo-European - Albanoid Albanian
38%
Uralic - Ugric - Khanty Eastern Khanty
38%
Uralic - Ugric - Mansi Eastern Mansi
38%
Turkic - Common - Kipchak - Kipchak-Cuman Karachay-Balkar
38%
Indo-European - Baltic - Eastern - Latvian? Latgalian
38%
Uralic - Finno-Permic - Mordvinic Moksha
38%
Uralic - Ugric - Khanty Northern Khanty
38%
Uralic - Ugric - Mansi Northern Mansi
38%
Uralic - Ugric - Khanty Southern Khanty
38%
Uralic - Ugric - Mansi Southern Mansi
38%
Kartvelian Svan
38%
Uralic - Ugric - Mansi Western Mansi
38%
Eskaleut Aleut
34%
Northwest Caucasian - Ubykh-Circassian - Circassian Kabardian (East Circassian)
34%
Kartvelian - Karto-Zan - Zan Mingrelian
34%
Tungustic - Northern - Ewenic Even
31%
Tungustic - Northern - Ewenic Evenki
31%
Indo-European - Romance - Italo-Dalmatian Italian
31%
Turkic - Common - Siberian - Southern - Yenisei Khakas
31%
Eskaleut - Eskimoan - Yupik Siberian Yupik
31%
Uralic - Finno-Permic - Balto-Finnic - Northern Veps
31%
Uralic - Finno-Permic - Balto-Finnic - Southern - South Estonian Voro
31%
Afro-Asiatic - Semitic - Central - Aramaic - Northeast Assyrian
28%
Uralic - Finno-Permic - Mordvinic Erzya
28%
Dene-Yeniseian? - Yeniseian (Included in Paleo-Siberian) Ket
28%
Turkic - Common - Kipchak - Kipchak-Cuman Kumyk
28%
Northeast Caucasian - Old - Lezgic - Samur - Eastern Lezgian
28%
Language Isolate (Included in Paleo-Siberian) Nivkh
28%
Mongolic - Central Mongolic - Kal.-Oir. Oirat
28%
Northeast Caucasian - Old - Lezgic - Samur - Eastern Tabasaran
28%
Northeast Caucasian - Old Dargi
25%
Uralic - Finno-Permic - Balto-Finnic - Northern - Old Karelian Ingrian
25%
Turkic - Common - Kipchak - Kipchak-Cuman - Mixed Karaim
25%
Turkic - Common - Kipchak - Kipchak-Cuman - Mixed Krymchak
25%
Northeast Caucasian - Old Lak
25%
Uralic - Finno-Permic - Permic - Komi Permyak
25%
Northeast Caucasian - Old - Lezgic - Samur - Western Rutul
25%
Turkic - Common - Kipchak - Kipchak-Kyrgyz - Southern Altai? Teleut
25%
Northeast Caucasian - Old - Lezgic - Samur - Eastern - Caucasian Albanian Udi
25%
Uralic - Finno-Permic - Balto-Finnic - Southern Votic
25%
Northeast Caucasian - New - Andian Akhvakh
22%
Dravidian - Northern Brahui
22%
Sino-Tibetan - Mandarin - Central Plains Dungan
22%
Chukotko-Kamchatkan - Chukotkan (Included in Paleo-Siberian) Koryak
22%
Uralic - Finno-Permic - Balto-Finnic - Southern Livonian
22%
Uralic - Samoyedic - Kam.-Sel. Selkup
22%
Turkic - Common - Kipchak - Kipchak-Nogai Siberian Tatar
22%
Yukaghir (Included in Paleo-Siberian) Southern Yukaghir
22%
Northeast Caucasian - Old - Lezgic - Samur - Western Tsakhur
22%
Northeast Caucasian - New - Tsezic Tsez
22%
Yukaghir (Included in Paleo-Siberian) Tundra Yukaghir
22%
Northwest Caucasian - Ubykh-Circassian Ubykh (Ex.)
22%
Turkic - Common - Kipchak - Kipchak-Cuman Urum
22%
Northeast Caucasian - New - Andian Andi
19%
Northeast Caucasian - Old - Lezgic Archi
19%
Northeast Caucasian - Old - Nakh Bats
19%
Northeast Caucasian - Old - Lezgic - Samur - Southern Budukh
19%
Uralic - Samoyedic - Ene.-Nen. - Enets Forrest Enets
19%
Chukotko-Kamchatkan - Kamchatkan (Included in Paleo-Siberian) Itelmen
19%
Indo-European - Iranian - West - Mixed Juhuri (Judeo-Tat)
19%
Northeast Caucasian - Old Khinalug
19%
Uralic - Finno-Permic - Sámi - Peninsular Kildin Sámi
19%
Tungustic - Southern - Nanaic Nanai
19%
Indo-European - Hellenic - Attic Pontic Greek
19%
Indo-European - Iranian - East - South - Pamiri - San.-Ish. Sanglechi
19%
Uralic - Finno-Permic - Balto-Finnic - Southern - South Estonian Seto
19%
Uralic - Finno-Permic - Sámi - Mainland Skolt Sámi
19%
Indo-European - Iranian - West Talysh
19%
Uralic - Samoyedic - Ene.-Nen. - Enets Tundra Enets
19%
Northeast Caucasian - Old - Lezgic - Samur - Eastern Aghul
16%
Northeast Caucasian - New - Andian Botlikh
16%
Afro-Asiatic - Semitic - West - Central - Arabic - Central Asian Bukharian Central Asian Arabic
16%
Indo-European - Iranian - West - Mixed Bukharian (Judeo-Tajik)
16%
Indo-European - Slavic - South - Liturgical Church Slavonic
16%
Turkic - Common Turkic - Siberian Turkic - Northern Dolgan
16%
Indo-European - Indo-Aryan - Domari Garachi
16%
Indo-European - Iranian - East - South - Pamiri - San.-Ish. Ishkashimi
16%
Kartvelian - Karto-Zan - Georgian - Mixed Kivruli/Gruzinic (Judeo-Georgian)
16%
Northeast Caucasian - Old - Lezgic - Samur - Southern Kryts
16%
Indo-European - Mixed Armenic Lomavren
16%
Turkic - Common - Siberian - Southern - Yenisei Shor
16%
Uralic - Finno-Permic - Sámi - Peninsular Ter Sámi
16%
Turkic - Common - Siberian - Southern - Sayan Tofa
16%
Tungustic - Northern - Udegheic Udege
16%
Indo-European - Iranian - East - North Yaghnobi
16%
Uralic - Finno-Permic - Permic - Komi Zyrian
16%
Northeast Caucasian - New - Andian Bagvalal
13%
Indo-European - Slavic - East - Ukrainian Balachka (Cossack) Ukrainian
13%
Northeast Caucasian - New - Andian Godoberi
13%
Northeast Caucasian - New - Tsezic Hinukh
13%
Northeast Caucasian - New - Tsezic Hunzib
13%
Turkic - Common - Karluk - Eastern Ili Turki
13%
Chukotko-Kamchatkan - Chukotkan (Included in Paleo-Siberian) Kerek (Ex.)
13%
Northeast Caucasian - New - Tsezic Khwarshi
13%
Tungustic - Northern - Ewenic Kili
13%
Uralic - Finno-Permic - Balto-Finnic - Northern - Old Karelian Ludic
13%
Uralic - Samoyedic Nganasan
13%
Turkic - Common - Siberian - Southern - Yenisei Northern Altai
13%
Tungustic - Northern - Udegheic Oroch
13%
Indo-European - Baltic - Eastern - Lithuanian? Samogitian
13%
Turkic - Common - Kipchak - Kipchak-Kyrgyz Southern Altai
13%
Indo-European - Slavic - East - Mixed Surzhyk (Ukrainian Russian)
13%
Tungustic - Southern - Nanaic Uilta
13%
Indo-European - Indo-Aryan - Romani - Vlax Ukrainian Vlax Romani
13%
Tungustic - Southern - Nanaic Ulch
13%
Uralic - Finno-Permic - Sámi - Mainland Akkala Sámi (Ex.)
9%
Northeast Caucasian - New - Tsezic Bezhta
9%
Northeast Caucasian - New - Andian Chamalal
9%
Northeast Caucasian - New - Andian Karata
9%
Tungustic - Northern - Ewenic Negidal
9%
Indo-European - Indo-Aryan - Romani - Northern - Baltic North Russian Romani
9%
Turkic - Common - Siberian - Southern - Sayan Soyot (Ex.)
9%
Northeast Caucasian - New - Andian Tindi
9%
Indo-European - Slavic - East - Mixed Transianka (Belarusian Russian)
9%
Turkic - Common - Siberian - Southern - Yenisei Tubalar
9%
Indo-European - Iranian - East - South - Pamiri- Shu.-Yaz. Yazghulami
9%
Indo-European - Armenic - Eastern Zok
9%
Chukotko-Kamchatkan - Chukotkan (Included in Paleo-Siberian) Alyutor
6%
Indo-European - Iranian - East - South - Pamiri- Shu.-Yaz. Bartangi
6%
Indo-European - Indo-Aryan - Romani - Northern - Baltic Belarusian Romani
6%
Indo-European - Indo-Aryan - Romani - Northern - Baltic Estonian Čuxny Romani
6%
Indo-European - Slavic - East - Mixed Cant Fenya (Russian theives cant)
6%
Turkic - Common - Kipchak - Kipchak-Kyrgyz Fergana Valley Kipchak (Ex.)
6%
Uralic - Samoyedic - Kam.-Sel. Kamas (Ex.)
6%
Indo-European - Iranian - East - South - Pamiri- Shu.-Yaz. Khufi
6%
Indo-European - Indo-Aryan - Romani - Northern - Baltic Latvian Lettish Romani
6%
Indo-European - Indo-Aryan - Romani - Northern - Baltic Lithuanian Romani
6%
Eskaleut - Eskimoan - Yupik Naukan
6%
Indo-European - Indo-Aryan - Central Zone Parya
6%
Indo-European - Germanic - North Sea - Low German - Low Prussian? Plautdietsch (Mennonite Low German)
6%
Indo-European - Slavic - East - Russian Pomor Russian
6%
Indo-European - Iranian - East - South - Pamiri- Shu.-Yaz. Rushani
6%
Indo-European - Indo-Aryan - Romani - Vlax Russian Kalderaš Romani
6%
Eskaleut - Eskimoan Sirenik (Ex.)
6%
Indo-European - Iranian - East - South - Pamiri Wakhi
6%
Uralic - Finno-Permic - Permic - Komi Yazva
6%
Afro-Asiatic - Semitic - Central - Aramaic - Northeast Bohtan Neo-Aramaic
3%
Indo-European - Indo-Aryan - Romani - Balkan Crimean Kyrymitika Romani
3%
Turkic - Common - Kipchak - Kipchak-Nogai Dobrujan Tatar (Romanian Tatar)
3%
Indo-European - Armenic - Western Homshetsi
3%
Turkic - Common - Oghuz - Western Karapapakh (Ex.)
3%
Mongolic - Central Mongolic Khamnigan Mongol
3%
Turkic - Common - Siberian - Southern - Yenisei Kumandin
3%
Uralic - Finno-Permic - Balto-Finnic - Northern - Old Karelian - Karelian Livvi-Karelian
3%
Indo-European - Hellenic - Attic - Pontic Greek? Mariupol Pontic Greek
3%
Turkic - Common - Kipchak - Kipchak-Cuman? Mishar Tatar
3%
Indo-European - Romance - Italo-Dalmatian Neapolitan
3%
Indo-European - Iranian - East - South - Pamiri- Shu.-Yaz. Shugni
3%
Uralic - Finno-Permic - Balto-Finnic - Northern - Mixed Siberian Ingrian Finnish
3%
Afro-Asiatic - Semitic - Central - Aramaic - Northeast - Mixed Urmian Judeo-Neo-Aramaic
3%
Indo-European - Indo-Aryan - Romani - Balkan Ursari Romani
3%
Turkic - Common - Siberian - Southern - Yenisei Chelkan
0%
Indo-European - Iranian - East - North - Ossetian Digoron Ossetian
0%
Turkic - Common - Siberian - Southern - Sayan Dukhan
0%
Chukotko-Kamchatkan - Kamchatkan (Included in Paleo-Siberian) Eastern Kamchatkan (Ex.)
0%
Indo-European - Iranian - West - Mixed Cant Ghorbati
0%
Afro-Asiatic - Semitic - West - Central - Arabic - Central Asian Kashkadarian Central Asian Arabic
0%
Indo-European - Indo-Aryan - Romani - Northern - Carpathian - Southern Romungro Romani
0%
Uralic - Finno-Permic - Balto-Finnic - Northern - Finnish - Siberian Siberian Eastern Finnish
0%
Uralic - Finno-Permic - Balto-Finnic - Northern - Finnish - Siberian Siberian Karelian Finnish
0%
Sino-Tibetan - Mandarin - Northeastern Taz Mandarin (Ex.)
0%
No matching quizzes found
Score Distribution
Percent of People with Each Score
Percentile by Number Answered
Your Score History
You have not taken this quiz since the last reset